Κατάλογος Βιβλιοθηκών Mediterranean College

Μαθηματική Εκπαίδευση και Οικογενειακές Πρακτικές / Πρακτικά 3ου Συνεδρίου (Record no. 3382)

MARC details
000 -LEADER
fixed length control field 02038cam a22002414a 4500
005 - ΗΜΕΡΟΜΗΝΙΑ ΚΑΙ ΩΡΑ ΤΕΛΕΥΤΑΙΑΣ ΕΝΗΜΕΡΩΣΗΣ
Πεδίο ελέγχου 20250605164114.0
008 - FIXED-LENGTH DATA ELEMENTS--GENERAL INFORMATION
Πεδίο ελέγχου σταθερού μήκους 250528s ||||||||||||||||||||||||d
035 ## - SYSTEM CONTROL NUMBER
System control number 17988
020 ## - ISBN
ISBN 9789606759390
040 ## - ΠΗΓΗ ΚΑΤΑΛΟΓΟΓΡΑΦΗΣΗΣ
Φορέας πρωτότυπης καταλογογράφησης MC Athens Campus Library
Γλώσσα καταλογογράφησης Ελληνικά, Μοντέρνα (1453-)
Modifying agency MC Athens Campus Library
Κανόνες περιγραφικής καταλογογράφησης AACR2
245 1# - ΤΙΤΛΟΣ ΚΑΙ ΔΗΛΩΣΗ ΥΠΕΥΘΥΝΟΤΗΤΑΣ
Τίτλος Μαθηματική Εκπαίδευση και Οικογενειακές Πρακτικές / Πρακτικά 3ου Συνεδρίου
260 ## - PUBLICATION, DISTRIBUTION, ETC.
Name of publisher, distributor, etc. Πανεπιστήμιο Ρόδου,
Date of publication, distribution, etc. 2009
300 ## - PHYSICAL DESCRIPTION
Extent 856
520 ## - SUMMARY, ETC.
Summary, etc. Από τα πιο επίκαιρα διεθνώς ζητήματα της Διδακτικής των Μαθηματικών είναι η επίδραση των οικογενειακών πρακτικών στη μάθηση και στη διδασκαλία, αλλά και αντίστροφα η επίδραση της σχολικής μαθηματικής κουλτούρας στις οικογενειακές πρακτικές. Πρόλογος, Κεντρικές Ομιλίες, Ερευνητικές Εργασίες και Θεματικές Συνεδρίες, Οικογένεια και Μαθηματική Εκπαίδευση, Μαθηματική Δραστηριότητα, Διδακτικό Υλικό για τα Μαθηματικά, Αξιοποίηση των ΤΠΕ στη Μσαθηματική Εκπαίδευση, Γενικές Εργασίες, Αναρτημένες Εργασίες και Συνεδρίες Εργασίας και Ερευνητικά Προγράμματα, Αναρτημένες Εργασίες, Συνεδρίες Εργασίας, Ερευνητικά Προγράμματα, Ευρετήριο Συγγραφέων.
700 1# - ΠΡΟΣΘΕΤΗ ΑΝΑΓΡΑΦΗ--ΦΥΣΙΚΟ ΠΡΟΣΩΠΟ
Personal name Καλαβάσης Φραγκίσκος
9 (RLIN) 4312
700 1# - ΠΡΟΣΘΕΤΗ ΑΝΑΓΡΑΦΗ--ΦΥΣΙΚΟ ΠΡΟΣΩΠΟ
Personal name Καφούση Σόνια
9 (RLIN) 4313
700 1# - ΠΡΟΣΘΕΤΗ ΑΝΑΓΡΑΦΗ--ΦΥΣΙΚΟ ΠΡΟΣΩΠΟ
Personal name Σκουμπουρδή Χρυσάνθη
9 (RLIN) 4314
700 1# - ΠΡΟΣΘΕΤΗ ΑΝΑΓΡΑΦΗ--ΦΥΣΙΚΟ ΠΡΟΣΩΠΟ
Personal name Φεσάκης Γιώργος
9 (RLIN) 4315
700 1# - ΠΡΟΣΘΕΤΗ ΑΝΑΓΡΑΦΗ--ΦΥΣΙΚΟ ΠΡΟΣΩΠΟ
Personal name Χιονίδου - Μοσκοφόγλου Μαρία
9 (RLIN) 4316
942 ## - ADDED ENTRY ELEMENTS (KOHA)
Koha item type Books
Holdings
Τύπος τεκμηρίου Βιβλιοθήκη Τρέχουσα τοποθεσία Barcode Αριθμός εισαγωγής Ημερομηνία απόκτησης Ταξιθετικό σύμβολο Αριθμός αντιτύπου Κατάσταση απόσυρσης Κατάσταση χαμένου Κατάσταση κατεστραμμένου Μη δανεισμός Σύνολο δανεισμών Ημερομηνία τελευταίας εμφάνισης Η τιμή ισχύει από
Books MC Athens Campus Library MC Athens Campus Library 9780000033819 7431 05/06/2025 372.7 KAL 1           05/06/2025 05/06/2025

MC Athens Campus Library
Πατησίων 94 & Κοδριγκτώνος 13, 104 34
Πελλήνης 8 & Πατησίων 107, 112 51
Τ: +30 210 8899600

MC Thessaloniki Campus Library
Ίωνος Δραγούμη 21, 54625 | Ίωνος Δραγούμη 15, 54625
Τ: +30 2310 287779 – Τ: +30 2314 440300